Russian and Soviet airliners - Statistics

General Stats
  • This quiz has been taken 26 times
  • The average score is 6 of 11
Answer Stats
Picture Answer % Correct
An124
95%
An225
86%
An2
71%
Tu114
52%
An12
48%
An22
48%
Tu104
43%
Tu124
38%
An148
33%
An26
33%
An178
10%
No matching quizzes found
Score Distribution
Percent of People with Each Score
Percentile by Number Answered
Your Score History
You have not taken this quiz